Yaḥase Yiśraʾel ṿeha-tefutsot ke-moḳed ba-ḥashivah al ʻatid medinat Yiśraʾel /
Saved in:
| Other Authors: | , , |
|---|---|
| Format: | Book |
| Language: | Hebrew |
| Published: |
New York : Tel Aviv,
Humaniṭis Pres be-shituf Hotsaʾat ʻAm ʻoved ;
1974.
|
| Series: | Pirsume hartsaʾot Mosad Ṿan Lir bi-Yerushalayim ;
9. |
| Subjects: | |
| Tags: |
Add Tag
No Tags, Be the first to tag this record!
|
| LEADER | 01005nam a22002537u 4500 | ||
|---|---|---|---|
| 001 | 000040887-5 | ||
| 005 | 20020606090541.3 | ||
| 008 | 840529|1974 nyu|||| ||||||0||||heb|| | ||
| 035 | 0 | |a ocm10146277 | |
| 245 | 0 | 0 | |a Yaḥase Yiśraʾel ṿeha-tefutsot ke-moḳed ba-ḥashivah al ʻatid medinat Yiśraʾel / |c ...be-hishtatfutam shel Ḥayim Yaḥil, Mordekhai Bar-ʾOn, Gavriʾel Shefer. |
| 260 | 0 | |a New York : |b Humaniṭis Pres be-shituf Hotsaʾat ʻAm ʻoved ; |a Tel Aviv, |c 1974. | |
| 300 | |a 65 p. | ||
| 490 | 1 | |a Pirsume hartsaʾot Mosad Ṿan Lir bi-Yerushalayim ; |v 9 | |
| 500 | |a Added t.p.: The Israel Diaspora relationships. | ||
| 500 | |a On cover: ʻOrekh-Gavriʾel Shefer. | ||
| 650 | 0 | |a Jewish diaspora. | |
| 700 | 2 | |a Bar-On, Mordechai, |d 1928- | |
| 700 | 1 | |a Yahil, Chaim, |d 1905- | |
| 700 | 1 | |a Sheffer, Gabriel, |e ed. | |
| 752 | |a Israel |d Tel Aviv | ||
| 752 | |a United States |b New York |d New York | ||
| 830 | 0 | |a Pirsume hartsaʾot Mosad Ṿan Lir bi-Yerushalayim ; |v 9. | |
| 988 | |a 20020608 | ||
| 906 | |0 MH | ||


